Count As Low As You Can Backwards - 1 Minute Sprint - Statistics

General Stats
  • This quiz has been taken 36 times
  • The average score is 75 of 100
Answer Stats
Number % Correct
100
100%
71
96%
72
96%
73
96%
74
96%
75
96%
76
96%
77
96%
78
96%
79
96%
80
96%
81
96%
82
96%
83
96%
84
96%
85
96%
86
96%
87
96%
88
96%
89
96%
90
96%
91
96%
92
96%
93
96%
94
96%
95
96%
96
96%
97
96%
98
96%
99
96%
55
91%
56
91%
57
91%
58
91%
59
91%
60
91%
61
91%
62
91%
63
91%
64
91%
65
91%
66
91%
67
91%
68
91%
69
91%
70
91%
50
87%
51
87%
52
87%
53
87%
54
87%
49
83%
47
74%
48
74%
43
70%
44
70%
45
70%
46
70%
40
65%
41
65%
42
65%
28
61%
29
61%
30
61%
31
61%
32
61%
33
61%
34
61%
35
61%
36
61%
37
61%
38
61%
39
61%
24
57%
25
57%
26
57%
27
57%
22
52%
23
52%
1
48%
2
48%
20
48%
21
48%
3
48%
4
48%
10
43%
11
43%
12
43%
13
43%
14
43%
15
43%
16
43%
17
43%
18
43%
19
43%
5
43%
6
43%
7
43%
8
43%
9
43%
No matching quizzes found
Score Distribution
Percent of People with Each Score
Percentile by Number Answered
Your Score History
You have not taken this quiz